All Pokémon with Own Tempo - Statistics

General Stats
  • This quiz has been taken 6 times
  • The average score is 19 of 33
Answer Stats
(Avail)ability Pokémon % Correct
Second Ability Galarian Slowbro
100%
Second Ability Galarian Slowking
100%
Second Ability Galarian Slowpoke
100%
First Ability Lickilicky
100%
First Ability Lickitung
100%
Second Ability Slowbro
100%
Second Ability Slowking
100%
Second Ability Slowpoke
100%
Second Ability Glameow
67%
Hidden Ability Lombre
67%
Hidden Ability Lotad
67%
Hidden Ability Ludicolo
67%
First Ability Mudbray
67%
First Ability Mudsdale
67%
Second Ability Purugly
67%
Unique Ability Rockruff
67%
First Ability Smeargle
67%
First Ability Avalugg
33%
First Ability Bergmite
33%
Hidden Ability Espurr
33%
First Ability Fidough
33%
Second Ability Grumpig
33%
Second Ability Lilligant
33%
Hidden Ability Numel
33%
Second Ability Petilil
33%
First Ability Spinda
33%
Second Ability Spoink
33%
First Ability Tadbulb
33%
Hidden Ability Tandemaus
33%
Second Ability Tinkatink
33%
Second Ability Tinkaton
33%
Second Ability Tinkatuff
33%
First Ability Indeedee♀
0%
No matching quizzes found
Score Distribution
Percent of People with Each Score
Percentile by Number Answered
Your Score History
You have not taken this quiz